Sale of goods
Saved in:
| Main Author: | |
|---|---|
| Format: | Book |
| Language: | English |
| Published: |
Macdonald & Evan
1980
|
| Tags: |
Add Tag
No Tags, Be the first to tag this record!
|
MARC
| LEADER | 00000nam a22000007a 4500 | ||
|---|---|---|---|
| 008 | 210420b ||||| |||| 00| 0 eng d | ||
| 020 | |a 0-7121-1966-3 | ||
| 100 | |a MAJOR, W.T. | ||
| 245 | |a Sale of goods |c W.T. Major |g 685918 | ||
| 250 | |b 4th ed | ||
| 260 | |b Macdonald & Evan |c 1980 |h Plymouth |i 685918 |l KD1650 .Z9M29 |m Sales - Great Britain - Outlines, syllabi, etc. |m Conditional sales - Great Britain - Outlines, syllabi, etc. | ||
| 942 | |a lcc |c BK |e Ogunmilade, F.T. |f 20/04/2021 | ||
| 952 | |0 0 |1 0 |2 lcc |4 0 |6 KD1650 Z9 M29 |7 0 |9 2226 |a HOL |b HOL |c GJ |d 2021-04-20 |l 0 |o KD1650 .Z9M29 |p 2021-6080 |r 2021-04-20 00:00:00 |w 2021-04-20 |y BK | ||
| 999 | |c 1161 |d 1161 | ||